000 00542nam a2200193Ia 4500
005 20250326145131.0
008 250326s9999 xx 000 0 und d
037 _aTextbook
040 _aFMSL
_beng
_cFMSL
041 _aeng
_2eng
084 _aO7 P4
_qFMSL
100 _aHare B
_9750707
245 0 _aCelebration of fools : inside look at the rise and fall of JCPenney
_cHare B
260 _aNY
_bNY, Amacom
_c2004
365 _b1130.7339999999999
650 _aManagement
942 _cTB
_hO7 P4
999 _c1306491
_d1306491